000 00248nam a2200109Ia 4500
008 190216s9999||||xx |||||||||||||| ||und||
100 _aV R Paramwswaran Pilla
245 0 _aPrajeena Likithangal
260 _bNull
650 _aPadanam
942 _cBK
999 _c24336
_d24336